00677cam a22002173a 450000100060000000300060000600500170001200800410002904000150007004200070008505000070009224501070009926000290020650600300023551600200026565300250028565300350031065300430034583000290038885600420041730666PGUSA20140828083649.0091213s2009||||xxu|||||s|||||000 | eng d aPGUSAbeng adc 4aQL10aBirds, Illustrated by Color Photography, Vol. 1, No. 6 :bJune, 1897h[electronic resource] /cVarious bProject Gutenberg,c2009 aPublic domain in the USA. aElectronic text aBirds -- Periodicals aNatural history -- Periodicals aZoological illustration -- Periodicals 0aProject Gutenbergv3066640uhttp://www.gutenberg.org/ebooks/30666